Name the Country by Description - Statistics

General Stats
  • This quiz has been taken 15 times
  • The average score is 13 of 15
Answer Stats
Hint Answer % Correct
Capital is Jakarta Indonesia
100%
Shaped like a boot Italy
100%
Only country that starts with an "O" Oman
100%
Smallest country in the world Vatican City
100%
Closest country to Antarctica Chile
92%
Only country with "East" in their name East Timor
92%
Contains 8 out of the 10 tallest mountains Nepal
92%
Most populous African Country Nigeria
92%
Three different capital cities South Africa
92%
The most lakes out of every country combined Canada
85%
Currency is the Dong Vietnam
85%
Owner of the Galapagos Islands Ecuador
77%
Has over 260,000 islands Sweden
69%
Once ruled by Mansa Musa Mali
38%
This country has the most powerful passport Singapore
38%
No matching quizzes found
Score Distribution
Percent of People with Each Score
Percentile by Number Answered
Your Score History
You have not taken this quiz